000 01112cam a22002534a 4500
005 20250605164116.0
008 250528s ||||||||||||||||||||||||d
035 _a18104
020 _a395945038
040 _aGR-AtMCL
_bgre
_dGR-AtMCL
_eAACR2
245 1 _aPsychology / Fifth Edition
250 _a5th
260 _bHoughton Mifflin Company,
_c2000
300 _a810
520 _aFeatures, Preface, Introducing Psychology, Research in Psychology, Biological Aspects in Psychology, Sensation, Perception, Learning, MemoryCognition and Language, Consiousness, Mental Abilities, Motivation and Emotion, Human Development, Health and Stress and Coping, Personality, Psychological Disorders, Treatment of Psychological Disorders, Social Cognition, Social Influence, Behavioral Genetics, Statistics in Psychological Research, Glossary, References, Index.
700 1 _aBernstein Douglas A.
_94390
700 1 _aClarke-Stewart Alison
_94391
700 1 _aPenner Louis A
_94392
700 1 _aRoy Edward J
_94393
700 1 _aWickens Christopher D
_94394
942 _cBK
999 _c3488
_d3488